00482nam a2200193Ia 4500008004000000020001500040041000800055082001700063100002200080245004400102260005300146300001200199650001200211650000700223650000900230650001600239650001600255700001700271210210b2010 xxu||||| |||| 00| 0 eng d a8123910630 aeng a664.028 PANE aPANDEY (HRIDYESH) aExperiments in food process engineering aNew DelhibCBS Publishers and Distributorsc2010 axii,312 aprocess ain afood aExperiments aengineering aSHARMA (H K)